Laboratory notes on electrical and galvanomagnetic measurements

Saved in:
Bibliographic Details
Main Author: Wieder, H.H (Author)
Format: Book
Language:English
Published: Amsterdam : Elsevier, 1979
Tags: Add Tag
No Tags, Be the first to tag this record!

MARC

LEADER 00000nam a22000003a 4500
001 stu141920
005 20150617225925.8
008 070531s1979----ne------------------eng-d
040 |a STU  |b slo 
041 0 |a eng 
044 |a ne 
080 |a 621.317.3/.4 
080 |a 621.7 
080 |a 538.9  |7 stu_us_auth*stu7967 
100 1 |a Wieder, H.H.  |4 aut 
245 1 |a Laboratory notes on electrical and galvanomagnetic measurements 
260 |a Amsterdam :  |b Elsevier,  |c 1979 
300 |a 8, 277 s 
996 |b E46469  |c E*46469  |l EE05  |s P  |a 0  |w stu141920_0001